[Event "Lvov Buturina Memorial 2nd"]
[Site "Lvov"]
[Date "2022.11.20"]
[Round "9"]
[White "Hrechanyi, Maksym"]
[Black "Mikhaletz, Lubomir"]
[Result "1/2-1/2"]
[WhiteElo "1496"]
[BlackElo "2307"]
[PlyCount "80"]
[EventDate "2022.11.18"]
[EventType "swiss (rapid)"]
[EventRounds "9"]
[EventCountry "UKR"]
[SourceTitle "CBM 212 Extra"]
[Source "ChessBase"]
[SourceDate "2023.03.31"]
[SourceVersion "1"]
[SourceVersionDate "2023.03.31"]
[SourceQuality "1"]

1. e4 Nc6 2. Nc3 Nf6 3. d4 d6 4. Nf3 Bg4 5. Bb5 a6 6. Bxc6+ bxc6 7. h3 Bh5 8. Qd3 e6 9. 0-0 Be7 10. Bf4 0-0 11. Rfe1 Nd7 12. Ne2 c5 13. c3 c6 14. Ng3 Bg6 15. dxc5 Nxc5 16. Qe2 a5 17. Rad1 Qc7 18. Qc4 e5 19. Be3 Bxe4 20. Bxc5 Bxf3 21. Bxd6 Bxd6 22. gxf3 g6 23. Ne4 Be7 24. Rd2 Rfd8 25. Red1 Rxd2 26. Rxd2 Kg7 27. Kg2 a4 28. Nc5 Bxc5 29. Qxc5 Ra5 30. Qb4 a3 31. bxa3 Qa7 32. Rd7 Qxd7 33. Qxa5 Qf5 34. Qb4 Qg5+ 35. Kh2 Qd2 36. Kg2 Qg5+ 37. Qg4 Qc1 38. Qb4 Qg5+ 39. Kh2 Qd2 40. Kg2 Qg5+ 1/2-1/2

[Event "Lvov Buturina Memorial 2nd"]
[Site "Lvov"]
[Date "2022.11.19"]
[Round "6"]
[White "Yatsishin, Ivan"]
[Black "Hrechanyi, Maksym"]
[Result "0-1"]
[WhiteElo "2049"]
[BlackElo "1496"]
[PlyCount "80"]
[EventDate "2022.11.18"]
[EventType "swiss (rapid)"]
[EventRounds "9"]
[EventCountry "UKR"]
[SourceTitle "CBM 212 Extra"]
[Source "ChessBase"]
[SourceDate "2023.03.31"]
[SourceVersion "1"]
[SourceVersionDate "2023.03.31"]
[SourceQuality "1"]

1. e4 e5 2. Nf3 Nc6 3. Bb5 d6 4. 0-0 Nf6 5. c3 Be7 6. Re1 0-0 7. h3 a6 8. Ba4 b5 9. Bc2 Bb7 10. a4 Re8 11. Na3 Bf8 12. d3 h6 13. Be3 b4 14. Nc4 d5 15. Ncd2 a5 16. Nf1 Qd7 17. Qd2 Rad8 18. Ng3 Ba6 19. Qc1 dxe4 20. dxe4 Qe6 21. Nd2 Bd3 22. Qb1 Bxc2 23. Qxc2 Rd7 24. Red1 Red8 25. Nf3 Qc4 26. Rxd7 Rxd7 27. Rc1 b3 28. Qb1 Qxa4 29. Nd2 Qb5 30. c4 Qb4 31. Rc3 a4 32. Rd3 Qe7 33. Rxd7 Qxd7 34. c5 Nb4 35. Nc4 Nc2 36. Qc1 Qb5 37. Na3 Nxa3 38. bxa3 b2 39. Qb1 Qb3 40. Nf1 Nxe4 0-1

[Event "Lvov Buturina Memorial 2nd"]
[Site "Lvov"]
[Date "2022.11.18"]
[Round "2"]
[White "Bykovskiy, Oleg"]
[Black "Hrechanyi, Maksym"]
[Result "0-1"]
[WhiteElo "2207"]
[BlackElo "1496"]
[PlyCount "84"]
[EventDate "2022.11.18"]
[EventType "swiss (rapid)"]
[EventRounds "9"]
[EventCountry "UKR"]
[SourceTitle "CBM 212 Extra"]
[Source "ChessBase"]
[SourceDate "2023.03.31"]
[SourceVersion "1"]
[SourceVersionDate "2023.03.31"]
[SourceQuality "1"]

1. e4 e5 2. Nc3 Nc6 3. g3 Nf6 4. Bg2 Bc5 5. d3 d6 6. h3 0-0 7. Nge2 Be6 8. Nd5 Bxd5 9. exd5 Ne7 10. Bg5 Ng6 11. 0-0 h6 12. Be3 Bb6 13. Qd2 Qd7 14. g4 Kh7 15. Ng3 Rae8 16. Nf5 Bxe3 17. fxe3 Ne7 18. Nxe7 Qxe7 19. e4 Nd7 20. Rf3 c6 21. dxc6 bxc6 22. Qf2 Nc5 23. Rf1 Kg8 24. Qg3 Rb8 25. b3 Ne6 26. h4 Nf4 27. Rxf4 exf4 28. Rxf4 Qe5 29. Qf2 Qa1+ 30. Kh2 Qxa2 31. e5 dxe5 32. Rc4 Rxb3 33. Be4 Rb1 34. Rxc6 Qa5 35. c3 Rb6 36. Rc5 Qa1 37. Bg2 Rb2 38. Qg3 Rd2 39. g5 h5 40. g6 fxg6 41. Qxg6 Qe1 42. Rc4 Rxg2+ 0-1